| 000 | 01019nam a2200313 i 4500 | ||
|---|---|---|---|
| 003 | OSt | ||
| 005 | 20260517164146.0 | ||
| 008 | 260517t20242024-uso gr 001 0beng d | ||
| 020 |
_a9781399047265 _cRM129.90 _qhardback |
||
| 040 |
_aPPAK _beng _cPPAK _erda |
||
| 082 | 0 | 4 |
_223 _a796.83092 |
| 090 | 0 | 0 |
_a796.83092 _bOAT _dG |
| 100 | 1 |
_aOates, Ralph, _eauthor. |
|
| 245 | 1 | 0 |
_aMUHAMMAD ALI : _bThe Man Who Changed Boxing / _cRalph Oates |
| 264 | 1 |
_aPhiladelphia, United States : _bPEN AND SWORD WHITE OWL, _c2024 |
|
| 264 | 4 | _c©2024 | |
| 300 |
_axviii, 150 pages : _bphotographs ; _c24 cm |
||
| 336 |
_atext _2rdacontent |
||
| 337 |
_aunmediated _2rdamedia |
||
| 338 |
_avolume _2rdacarrier |
||
| 500 | _aIncludes index. | ||
| 504 | _aBibliography: page 143. | ||
| 600 | 1 | 0 |
_aAli, Muhammad, _d1942-2016. |
| 650 | 1 | 0 |
_aBoxers (Sports) _zUnited States _vBiography |
| 650 | 2 | 0 | _aBoxers (Sports) |
| 650 | 2 | 0 | _aBoxing |
| 650 | 2 | 0 |
_aAfrican Americans _vBiography |
| 942 |
_2ddc _cB |
||
| 999 |
_c204297 _d204297 |
||